000 00277nam a2200109Ia 4500
008 200302s9999 xx 000 0 und d
100 _aRicardo & Others
245 _aLegorreta Architect
260 _bRizzoli International Publications, Inc.
260 _c1997
300 _a240 P.,
999 _c1958
_d1958